000 00606nam a2200169 i 4500
001 51935
003 ES-MaACL
005 20230906162456.0
007 t|
008 030821s1887 fr ||||1| fre d
100 1 _aDaubrée, Auguste.
_942793
245 1 4 _aLes eaux souterraines aux époques anciennes
_b: rôle qui leur revient dans l'origine et les modifications de la substance de l'écorce terrestre /
_cpar A. Daubrée.
260 _aParis :
_bVve. Ch. Dunod A.,
_c1887 (
_fA. Lahure)
300 _aIV, 443 p. :
_bil. ;
_c26 cm.
650 4 _aAguas subterráneas.
_9135536
852 _aES-MaACL
_jF-1399
999 _c51935
_d51935